Ekonomické tabulky (SAM) a modely pro výpočet všeobecné rovnováhy /CGE/
Guardado en:
| Autor principal: | |
|---|---|
| Formato: | Libro |
| Lenguaje: | checo |
| Publicado: |
Praha
Ústřední ústav národohospodářského výzkumu
1991
|
| Edición: | 1. vyd. |
| Colección: | Studijně rozborové a informační materiály
|
| Materias: | |
| Etiquetas: |
Sin Etiquetas, Sea el primero en etiquetar este registro!
|
MARC
| LEADER | 00000nam a2200000 4500 | ||
|---|---|---|---|
| 001 | c005497 | ||
| 005 | 20221214093506.2 | ||
| 041 | 0 | |a cze | |
| 044 | |a CZ | ||
| 245 | 1 | 0 | |a Ekonomické tabulky (SAM) a modely pro výpočet všeobecné rovnováhy /CGE/ |c František Cvengroš |
| 250 | |a 1. vyd. | ||
| 264 | 1 | |a Praha |b Ústřední ústav národohospodářského výzkumu |c 1991 | |
| 300 | |a 37 s. | ||
| 490 | 1 | |a Studijně rozborové a informační materiály | |
| 830 | 0 | |a Studijně rozborové a informační materiály | |
| 610 | 2 | 0 | |a modely ekonomické |
| 610 | 2 | 0 | |a rovnováha hospodárska |
| 610 | 2 | 0 | |a SAM |
| 610 | 2 | 0 | |a CGE |
| 610 | 2 | 0 | |a účty národné |
| 610 | 2 | 0 | |a štatistika ekonomická |
| 100 | 1 | |a Cvengroš, František | |